[Event "Madrid San Viator op 23rd"]
[Site "Madrid"]
[Date "2014.11.02"]
[Round "6"]
[White "Garcia Sanjuan, Jose"]
[Black "Perez Ordonez, Joaquin"]
[Result "0-1"]
[WhiteElo "1895"]
[BlackElo "1513"]
[PlyCount "60"]
[EventDate "2014.09.28"]
[EventType "swiss"]
[EventRounds "9"]
[EventCountry "ESP"]
[SourceTitle "EXT 2016"]
[Source "ChessBase"]
[SourceDate "2015.10.08"]
[SourceVersion "1"]
[SourceVersionDate "2015.10.08"]
[SourceQuality "1"]

1. b3 e5 2. Bb2 Nc6 3. e3 Nf6 4. Nf3 Bd6 5. Bb5 Qe7 6. h3 a6 7. Bxc6 dxc6 8. d4 exd4 9. Bxd4 Bf5 10. 0-0 c5 11. Bb2 0-0-0 12. Qe2 g5 13. g4 Be4 14. Nxg5 Bc6 15. Nd2 h5 16. Bxf6 Qxf6 17. Nde4 Qg6 18. Nxd6+ cxd6 19. f4 Rde8 20. Rad1 d5 21. Qd3 Qg7 22. Qf5+ Kb8 23. Rde1 f6 24. Ne6 Qe7 25. Nxc5 Qxc5 26. Kf2 hxg4 27. Qxf6 Qxc2+ 28. Re2 g3+ 29. Kf3 d4+ 30. e4 Qd3+ 0-1

[Event "Madrid San Viator op 23rd"]
[Site "Madrid"]
[Date "2014.10.26"]
[Round "5"]
[White "Perez Ordonez, Joaquin"]
[Black "Sotoca Aguado, Jose"]
[Result "1/2-1/2"]
[WhiteElo "1513"]
[BlackElo "1948"]
[PlyCount "69"]
[EventDate "2014.09.28"]
[EventType "swiss"]
[EventRounds "9"]
[EventCountry "ESP"]
[SourceTitle "EXT 2016"]
[Source "ChessBase"]
[SourceDate "2015.10.08"]
[SourceVersion "1"]
[SourceVersionDate "2015.10.08"]
[SourceQuality "1"]

1. d4 Nf6 2. c4 e6 3. Nc3 Bb4 4. Qc2 d5 5. a3 Bxc3+ 6. bxc3 0-0 7. e3 b6 8. Bd3 Bb7 9. f3 Nbd7 10. Ne2 c5 11. cxd5 exd5 12. 0-0 Re8 13. Ng3 c4 14. Be2 Rc8 15. Re1 Nf8 16. Bf1 Qd7 17. Nh1 Ng6 18. g3 Rc7 19. Nf2 Bc8 20. e4 h6 21. Bd2 Qc6 22. Bg2 Rce7 23. e5 Nh7 24. f4 Rd8 25. f5 Ngf8 26. g4 Bb7 27. h4 f6 28. e6 Qd6 29. Re3 Rde8 30. Rh3 Nxe6 31. fxe6 Rxe6 32. Rf1 Re2 33. Bf3 R2e7 34. Qg6 Nf8 35. Qh5 1/2-1/2